| 000 | 00740cam a22002054a 4500 | ||
|---|---|---|---|
| 001 | 12405823 | ||
| 005 | 20241028113642.0 | ||
| 008 | 010511s2002 nyua b 001 0 eng | ||
| 020 | _a9780071375832 | ||
| 050 | 0 | 0 |
_aNA2560 _b.G74 2002 |
| 082 | 0 | 0 |
_a720/.92/2 _221 |
| 245 | 0 | 0 |
_aArchitects on architects / _cSusan Gray, editor ; foreword by Paul Goldberger. |
| 260 |
_aNew York : _bMcGraw-Hill, _cc2002. |
||
| 300 |
_axv, 224 p. : _bill. (some col.) ; _c25 cm. |
||
| 650 | 0 | _aArchitecture. | |
| 700 | 1 |
_aGray, Susan _q(Susan Kim) |
|
| 856 | 4 | 2 |
_3Contributor biographical information _uhttp://www.loc.gov/catdir/bios/mh041/2001034550.html |
| 856 | 4 | 1 |
_3Table of contents _uhttp://www.loc.gov/catdir/toc/mh021/2001034550.html |
| 942 |
_2lcc _cBK _n0 |
||
| 999 |
_c274 _d274 |
||